000 00463nam a22001697a 4500
005 20251108172831.0
008 250721s2001 xx 000 0 eng d
082 1 4 _a327.2096/ist
100 1 _aistanbuli, yasin
245 1 0 _adiplomacy and diplomatic practice in the early islamic era /
264 1 _akarachi :
_boxford university press,
_c2001.
300 _a171 p
650 1 7 _aDIPLOMACY
650 1 7 _aISLAMIC HISTORY
942 _2ddc
_cBK
999 _c89605
_d89605